Ajuste con rostro humano : estudio de países.

Guardat en:
Dades bibliogràfiques
Autor principal: Cornia Giovanni, Andrea comp, (autor)
Altres autors: Jolly, Richard, comp (autor) comp, (autor), Stewart, Frances, comp (autor) comp, (autor)
Format: Llibre
Idioma:espanyol
Matèries:
Etiquetes: Afegir etiqueta
Sense etiquetes, Sigues el primer a etiquetar aquest registre!

MARC

LEADER 00000cam^a2200000uu^4500
001 000459925
005 20250521000000.0
008 050901s1987^^^^^^^^^^^^rd^r^^000^0^spa^d
009 20260526145730.004
022 |a 8432306169 
035 |a FCE 000002392 
035 |a FCE 008695 
037 |a Acervo ITESO - Biblioteca 
041 |a spa 
082 0 4 |a 362.7042  |b CORa v.2 
100 |a Cornia Giovanni, Andrea,  |e comp  |e (autor) 
245 1 0 |a Ajuste con rostro humano :  |b estudio de países. 
264 |a España :  |b Siglo XXI,  |c 1987. 
300 |a 2 v. 
336 |a texto  |b txt  |2 rdacontenido 
337 |a sin mediación  |b n  |2 rdamedio 
338 |a volumen  |b nc  |2 rdasoporte 
649 |a XX 
650 |a Pobreza 
650 |a Infancia 
650 |a Crisis económica 
650 |a África 
650 |a América Latina 
650 |a Asia 
700 |a Jolly, Richard,  |e comp  |e (autor) 
700 |a Stewart, Frances,  |e comp  |e (autor) 
910 |a Fondo Centro de Estudios Educativos 
920 |a Impresos - Libros 
930 |a Fondos Especiales 
905 |a 133 
901 |a ALE008695  |b IT2  |c CEE  |u 20250521 
902 |a https://opac.biblio.iteso.mx/vufind/Record/000459925